Из разных книг

Bibliographische Detailangaben
1. Verfasser: Каверин В. А. Вениамин Александрович
Weitere Verfasser: Лемкуль Ф. (иллюстратор)
Sprache:Russisch
Veröffentlicht: Москва, Молодая гвардия, 1961
Schlagworte:
Format: Buch
KOHA link:https://koha.lib.tpu.ru/cgi-bin/koha/opac-detail.pl?biblionumber=139391

MARC

LEADER 00000nam0a2200000 4500
001 139391
005 20231101220807.0
035 |a (RuTPU)RU\TPU\book\150999 
090 |a 139391 
100 |a 20080606d1961 m y0rusy50 ca 
101 0 |a rus 
102 |a RU 
105 |a a z 000ay 
200 1 |a Из разных книг  |f В. А. Каверин  |g худож. Ф. Лемкуль 
210 |a Москва  |c Молодая гвардия  |d 1961 
215 |a 240 с.  |c ил. 
610 1 |a советская литература 
610 1 |a рассказы 
675 |a Р2  |v 3 
700 1 |a Каверин  |b В. А.  |c настоящая фамилия Зильбер  |c русский писатель  |f 1902-1989  |g Вениамин Александрович  |2 stltpush  |3 (RuTPU)RU\TPU\pers\15596  |9 5407 
702 1 |a Лемкуль  |b Ф.  |4 440 
801 1 |a RU  |b 63413507  |c 20080606  |g PSBO 
942 |c BK